[Event "Hoogovens"]
[Site "Wijk aan Zee"]
[Date "1997.01.30"]
[Round "10"]
[White "Onischuk, Alexander"]
[Black "Nikolic, Predrag"]
[Result "1/2-1/2"]
[WhiteElo "2580"]
[BlackElo "2655"]
[Annotator "Donev,I"]
[PlyCount "61"]
[EventDate "1997.01.18"]
[EventType "tourn"]
[EventRounds "13"]
[EventCountry "NED"]
[EventCategory "16"]
[SourceTitle "CBM 057"]
[Source "ChessBase"]
[SourceDate "1997.04.01"]
[SourceVersion "1"]
[SourceVersionDate "1997.04.01"]
[SourceQuality "1"]

1. e4 e6 2. d4 d5 3. Nd2 c5 4. exd5 exd5 5. Ngf3 a6 6. Be2 c4 7. O-O Bd6 8. b3
b5 9. c3 Nf6 10. a4 Bb7 11. Ne5 {[%csl Ge5]} O-O 12. f4 {[%csl Re4]
Unterstützt den starken Ne5. Der Nachteil ist die Schwächung des Feldes e4.}
Qc7 13. bxc4 dxc4 (13... bxc4 14. Ba3 Bxa3 15. Rxa3 $14) 14. Qc2 Nc6 15. Rb1
Na7 (15... b4 16. Ndxc4) 16. Bf3 Rab8 17. axb5 axb5 {[%csl Rb5,Gd4] Im
entstehenden Mittelspiel kann Weiß zufrieden sein.  Er hat gut plazierte
Leichtfiguren, besonders stark steht der Springer e5. Außerdem finden wir am
Damenflügel eine typische Bauernstruktur. Weiß hat einen gedeckten
Freibauerauf d4.  Der schwarze Bauer b5 ist rückständig und schwach. In einer
derartigen Stellungen muß der Nachziehende den Bauern d4 mit einer Leichtfigur
blockieren und früher oder später den Vorstoß b5-b4 durchführen.} 18. Ra1 Nc8 (
18... Bxf3 19. Ndxf3 Nd5 20. Ng5 g6 $14) 19. Ne4 Bxe4 20. Bxe4 Nxe4 21. Qxe4
Ne7 22. Ra6 Rfd8 23. f5 (23. Ba3 Bxa3 24. Rxa3 b4 25. cxb4 Rxb4 $11) 23... Qb7
24. Qxb7 Rxb7 25. Nc6 (25. f6 Nd5 $1 26. fxg7 Nxc3) 25... Nxc6 26. Rxc6 Be7 27.
Re1 h6 28. Bf4 b4 $1 {Endlich ist der richtige Zeitpunkt für den befreienden
Vorstoß gekommen. So befreit sich der Nachziehende von dem schwachen
rückständigen Bauern b5 und bildet selbst einen Freibauer.} 29. Rb1 (29. Rxc4
bxc3 30. Rc1 Bf6 31. Be5 Bxe5 32. dxe5 Rb5 $11) 29... Rbd7 30. f6 $1 gxf6 (
30... Bxf6 $2 31. Rxb4 $16) 31. Rxc4 (31. Rxc4 bxc3 (31... h5 32. Be3 $16) 32.
Rxc3 Rxd4 33. Bxh6 $14) 1/2-1/2

[Event "RUS-ch51"]
[Site "St Petersburg"]
[Date "1998.08.07"]
[Round "11"]
[White "Rublevsky, Sergei"]
[Black "Bareev, Evgeny"]
[Result "1/2-1/2"]
[WhiteElo "2685"]
[BlackElo "2690"]
[Annotator "Donev,I"]
[PlyCount "32"]
[EventDate "1998.07.28"]
[EventType "swiss"]
[EventRounds "11"]
[EventCountry "RUS"]
[SourceTitle "CBM 067"]
[Source "ChessBase"]
[SourceDate "1998.11.30"]
[SourceVersion "2"]
[SourceVersionDate "1998.11.01"]
[SourceQuality "1"]

1. e4 e6 2. d4 d5 3. Nd2 c5 4. Ngf3 Nf6 5. exd5 exd5 6. Bb5+ Bd7 7. Bxd7+ ({
Zum andere Art Stellungen führt:} 7. Qe2+ $5 Be7 8. dxc5 O-O 9. Nb3 Re8 10. O-O
Bxc5 11. Qd3 Bb6 12. Bxd7 (12. Bg5 $5 Bxb5 13. Qxb5 Nbd7 14. Rae1 Qc7 15. Bxf6
Nxf6 16. c3 $13) 12... Qxd7 13. Bg5 Ne4 14. Rad1 Nc6 15. Qxd5 Qxd5 16. Rxd5
Nxg5 17. Nxg5 Re2 $44 18. Rd2 Rae8 19. Nf3 Rxd2 20. Nbxd2 Re2 21. c3 a6 22. Re1
Bxf2+ 23. Kf1 Rxe1+ 24. Nxe1 Ba7 25. Ke2 $11 {Donev,I-Panzalovic,S / Eppingen
(op)30` 1995}) 7... Nbxd7 8. O-O Be7 9. dxc5 Nxc5 {Auf dem Bret entsteht eine
typische Stellung mit Isolani der Variante Tarasch der französischen
Verteidigung.Aber hier gibt es eine wichtige Kleinigkeit:Schwarz hat seinen
schlechten Läufer(Bc8)abgetauscht und kontrolliert fest den zentralen Punkt e4.
Einer der grössten Spezialisten dieser Variante, GM Bareev, zeigt, wie man in
dieser Variante ausgleichen kann.} 10. Nb3 Nce4 11. Nfd4 Qd7 12. Qf3 O-O 13.
Qf5 {Dieser Zug scheint besser als die Hauptfortsetzung Nf5.Der Anziehende
will nach dem Damentausch die Schwäche des d5-Isolani noch spürbarer machen.} (
13. Nf5 Bd8 (13... Rfe8 14. Nxe7+ Rxe7 15. Be3 $14) 14. Be3 $11) 13... Qd8 $146
{In seiner Lieblingsvariante macht Bareev wieder ein Neuerung. Allerdings ist
es logisch für die Seite mit dem Isolani, den Damentausch zu vermeiden.} (13...
Rfc8 14. Re1 Bf8 15. c3 Nd6 $1 (15... Qxf5 $6 16. Nxf5 g6 17. Ne3 Re8 18. Rd1
Nc5 (18... Rad8 19. Nc2 Nc5 20. Bg5 $1 $14) 19. g4 h6 20. h4 Nxb3 21. axb3 Bc5
22. g5 hxg5 23. hxg5 Ne4 24. Ng4 Bb6 25. Kg2 Kg7 26. Bf4 Rad8 27. f3 Nc5 28. b4
Nb3 29. Ra3 Re2+ 30. Kg3 Rxb2 31. c4 Re8 32. c5 Bd8 33. Rxa7 Ree2 34. Rxd5 Be7
35. Rxb7 {1-0 Kasparov,G-Kharitonov,A/Moscow 1988 (35)}) 16. Qxd7 Nxd7 {
1/2-1/2 Fogarasi,T-Horvath,C/Slofok 1990 (16)}) 14. Bf4 g6 15. Qh3 Re8 16. Rad1
Bd6 (16... Bd6 17. Qf3 (17. Bxd6 Nxd6 $1 {[%cal Yd6c4,Yc4b2] /\Nc4}) 17... Qb8
18. Bxd6 Qxd6 $11) 1/2-1/2

[Event "RUS-ch"]
[Site "Elista"]
[Date "1996.??.??"]
[Round "7"]
[White "Yemelin, Vasily"]
[Black "Dolmatov, Sergey"]
[Result "1-0"]
[WhiteElo "2460"]
[BlackElo "2575"]
[Annotator "Donev,I"]
[PlyCount "75"]
[EventDate "1996.10.15"]
[EventType "swiss"]
[EventRounds "11"]
[EventCountry "RUS"]
[SourceTitle "CBM 056"]
[Source "ChessBase"]
[SourceDate "1997.02.01"]
[SourceVersion "1"]
[SourceVersionDate "1997.02.01"]
[SourceQuality "1"]

1. e4 {Knaak} e6 2. d4 d5 3. Nd2 c5 4. exd5 exd5 5. Ngf3 Nf6 6. Bb5+ Bd7 7.
Bxd7+ Nbxd7 8. O-O Be7 9. dxc5 Nxc5 10. Re1 $1 {In dieser Partie wählt Weiß
den besten Plan gegen den Isolani d5 bei abgetauschten weißfeldrigen Läufern.
Der Turm räumt das Feld f1 für den Springer und besetzt gleichzeitig die
einzige offene Linie. Der weiße Plan klingt sehr harmonisch: Nf1,Bc1-e3-d4,c3,
Qc2,Rad1 nebst Ne3 und die weißen Steine sind perfekt plaziert!} O-O 11. Nf1 {
Knaak: Dieser N hat hier bessere Perspektiven als auf b3, wo er nur ein
zusätzlicher Bewerber für das Feld d4 wäre. Das heißt aber nicht, daß Weiß
reelle Chancen auf Vorteil besitzt.} Qc7 12. Be3 Rad8 13. c3 Rfe8 14. Bd4 Ne6
15. Be5 (15. Qc2 Nxd4 16. Nxd4 Bc5 $13) 15... Qb6 16. Qc2 Ng4 17. Rad1 (17. Bg3
{Knaak} d4 18. cxd4) 17... Nxe5 18. Rxe5 Bf6 $2 {Knaak: Wohl ein simpler
Rechenfehler.} (18... d4 $142 19. c4 $11 (19. cxd4 Bf6 20. Re2 (20. Re4 {Knaak}
Nxd4 $11) 20... Nxd4 $15) (19. Nxd4 Bf6)) 19. Rexd5 $16 Rxd5 20. Rxd5 Nf4 21.
Rd2 Qa6 {[%csl Ya2,Ye2,Yf2][%cal Ya6e2,Ye2f1] Knaak: Scheinbar gewinnt Schwarz
einen Bauern zurück und steht dann gut.} 22. g3 {Nach diesem Zug sind alle
taktischen Verwicklungen des Schwarzen neutralisiert, und der Anziehende
behält einfach einen Mehrbauern.} ({Es drohte} 22. Z0 {Knaak} Ne2+ 23. Kh1 Nxc3
$17) 22... Ne6 (22... Nh3+ {Knaak} 23. Kg2 Ng5 24. Nxg5 Bxg5 25. Rd5 $16) 23.
a3 Ng5 24. Qd3 Nxf3+ 25. Qxf3 Re1 26. Qd3 Qe6 27. Kg2 h5 {Der Nachziehende
versucht Initiative am Königsflügel zu bekommen, aber diese Diversion
verspricht kaum Erfolg, da die weißen Kräfte sehr gut koordiniert sind.} 28.
Ne3 h4 (28... Bg5 {Knaak} 29. Rd1 $16) 29. Qd5 h3+ {[%cal Yg2f3,Yf3g4,Yg4h3]
In einem zukünftigen Endspiel wird der Bauer h3 schwach. Es ist ein
interessantes Manöver, mit dem der weiße Monarch den h3-Bauern errobert.} 30.
Kf3 Qa6 31. Kg4 $1 g6 32. Kxh3 $18 Kg7 33. Kg2 Rb1 34. Qc4 Qb6 35. Rd7 $1 {
Wegen der starken Drohung auf f7 ist der Nachziehende selbst gezwungen, die
Damen zu tauschen. Danach entsteht für ihn ein hofnungsloses Endspiel.} Qc6+
36. Qxc6 bxc6 37. Nc4 Bg5 38. Rxa7 1-0

[Event "Leon"]
[Site "Leon"]
[Date "1997.06.12"]
[Round "8"]
[White "De la Villa Garcia, Jesus Maria"]
[Black "Del Rio de Angelis, Salvador Gabriel"]
[Result "1/2-1/2"]
[WhiteElo "2495"]
[BlackElo "2400"]
[Annotator "Donev,I"]
[PlyCount "47"]
[EventDate "1997.06.05"]
[EventType "tourn"]
[EventRounds "9"]
[EventCountry "ESP"]
[EventCategory "10"]
[SourceTitle "CBM 060"]
[Source "ChessBase"]
[SourceDate "1997.09.29"]
[SourceVersion "1"]
[SourceVersionDate "1997.09.29"]
[SourceQuality "1"]

1. e4 e6 2. d4 d5 3. Nd2 c5 4. exd5 exd5 5. Bb5+ Nc6 6. Ne2 {Die Idee dieser
Variante ist erstens, die Fesselung Bg4 zu vermeiden und zweitens den Punkt f4
zu kontrollieren. Später soll durch Bf4 der schwarzfeldrige Läufer getauscht
werden.} Nf6 7. O-O Bd6 8. dxc5 Bxc5 9. Nb3 Be7 (9... Bd6 10. Bf4 $1 {Das war
die Hauptidee von 6. Ne2.} O-O 11. Bxd6 Qxd6 $14) (9... Bb6 10. a4 O-O 11. Bf4
Ne4 12. Bxc6 bxc6 13. a5 Bc7 14. Bxc7 Qxc7 15. f3 $14) 10. Be3 O-O 11. Bxc6 (
11. Bc5 $6 Bxc5 12. Nxc5 Qb6 13. Bxc6 bxc6 14. Qd4 Rb8 $132) 11... bxc6 12. Bc5
Bxc5 13. Nxc5 {In dieser Stellung ist es Wichtig das rückständige Bauernpaar
c6/d5 zu blockieren. Um dies zu erleichtern ist es für den Anziehenden
günstiger den schwarzfarbigen Läufer zu tauschen.} Ne4 (13... Qb6 14. Qd4 Rb8
15. Rab1 Bf5 16. Qc3 (16. Rfc1 Rfe8 17. Ng3 Bg6 18. b4 Nd7 $1 $17) 16... Ne4
17. Nxe4 Bxe4 $15) (13... Qe7 $5 14. Nd3 (14. b4 a5 $1 $15) 14... c5 $11) 14.
Nxe4 (14. Qd4 Nxc5 15. Qxc5 Ba6 16. Rfe1 Bxe2 17. Rxe2 Qb6 $11) 14... dxe4 15.
Qxd8 $6 (15. Re1 Ba6 16. Ng3 f5 17. b3 Qf6 18. Qd7 $1 $14 {[%cal Yd7f5,Yd7c6,
Yd7a7]}) (15. Ng3 f5 (15... Qe7 16. Re1 f5 17. Qh5 Be6 18. b3 g6 19. Qh6 $10)
16. c4 Be6 17. Qa4 $13) 15... Rxd8 16. Rfd1 Bg4 17. Rxd8+ $2 (17. Kf1 $142 f5 (
17... Bh5 18. Rxd8+ Rxd8 19. Ke1 f5 20. c3 $10) 18. Rxd8+ Rxd8 19. Ng3 g6 (
19... Rd2 20. Rc1 $14 {/\h3}) 20. Ke1 $14) 17... Rxd8 18. Ng3 Be6 (18... Rd2 $2
19. Rc1 $14) (18... Rd1+ 19. Rxd1 Bxd1 20. Nxe4 Bxc2 21. Nc5 $14) 19. Nxe4 Bf5
20. f3 Bxe4 21. fxe4 Rd2 {Weil der schwarze Turm sehr aktiv steht, hat der
Nachziehende mehr als genug Kompensation für den geopferten Bauern .} 22. Rc1
f6 (22... Re2 23. Kf1 Rxe4 24. Rd1 $14) 23. h3 (23. Rf1 Rxc2 24. Rf2 Rc1+ 25.
Rf1 Rxf1+ 26. Kxf1 Kf7 27. Ke2 Ke6 $11) (23. a4 a5 $15) 23... Kf7 24. Kf1
1/2-1/2

[Event "RUS-Cup7"]
[Site "Kstovo"]
[Date "1997.05.08"]
[Round "7"]
[White "Yurtaev, Leonid"]
[Black "Ulybin, Mikhail"]
[Result "1-0"]
[WhiteElo "2495"]
[BlackElo "2555"]
[Annotator "Donev,I"]
[PlyCount "79"]
[EventDate "1997.05.01"]
[EventType "swiss"]
[EventRounds "9"]
[EventCountry "RUS"]
[SourceTitle "CBM 059"]
[Source "ChessBase"]
[SourceDate "1997.08.01"]
[SourceVersion "1"]
[SourceVersionDate "1997.08.01"]
[SourceQuality "1"]

1. e4 e6 2. d4 d5 3. Nd2 c5 4. exd5 exd5 5. Ngf3 Nf6 6. Bb5+ Bd7 7. Bxd7+ Nbxd7
8. O-O Be7 9. dxc5 Nxc5 10. Re1 O-O 11. Nf1 Re8 12. Be3 b5 {[%csl Ra5]
Schwächt das Feld a5.} (12... Nce4 $142) 13. Bd4 Ne6 14. Be5 (14. Ne3 Nxd4 15.
Qxd4 Rc8 16. Qd3 $14 {/\Rad1 oder Nf5}) 14... Ng4 15. Ne3 Nxe3 (15... Nxe5 16.
Nxe5 d4 17. Nf5 $14) 16. Rxe3 {Mit jedem Figurenabtausch werden die schwarzen
Angriffschancen vermindert und der schwache Isolani d5 spürbarer.} Qd7 17. Qd2
Rad8 (17... Bg5 18. Nxg5 Nxg5 19. Bxg7 Kxg7 20. Rxe8 Nh3+ 21. gxh3 Rxe8 22.
Qg5+ $18) 18. Rd1 Nc5 19. Bc3 Bf8 (19... Ne4 20. Rxe4 dxe4 21. Qxd7 exf3 22.
gxf3 Rxd7 23. Rxd7 $16) 20. Rxe8 Qxe8 21. Bd4 Ne4 22. Qa5 $1 $16 {[%cal Ra5a7,
Ra5b5,Ra5d8] Der Isolani d5 ist sehr bequem von dem weißen Läufer blockiert.
Außerdem versucht Weiß die Abschwächung des schwarzen Damenflügels auszunützen.
} Rc8 23. c3 Ra8 (23... Rc4 24. Qxa7 Ra4 25. Qb7 Rxa2 26. Qxd5 $16) 24. Be3 Qd7
25. Ne5 (25. c4 bxc4 26. Rxd5 Qb7 $132 {[%csl Rb2,Rc4]}) 25... Qb7 26. Nd3 Nd6
27. b3 Nf5 28. Nf4 {[%csl Rd5]} Nxe3 (28... Ne7 $5) 29. fxe3 {Alle drei weißen
Figuren sind besser als seine schwarzen Kollegen plaziert. Der schwache
Isolani d5 ist nicht mehr zum retten. Stellen wir uns vor, daß der Bf8 und der
Nf4 nicht mehr auf dem Brett sind, dann wäre der weiße Vorteil minimal. Jetzt
verstehen wir, daß man in solchen Stellungen den weißen Springer vor dem
schwarzen Läufer bevorzugt sollte, weil der Anziehende dadurch einen Schlag
mehr auf den isolierten Damenbauern d5 richten kann.} Re8 (29... Qb6 $5 30.
Qxb6 axb6 31. Rd2 b4 32. Nxd5 bxc3 33. Nxc3 Bb4 34. Rd3 $16) 30. Nxd5 h6 31. a4
bxa4 32. Qxa4 Re5 33. Qc4 $18 Qb8 34. b4 Bd6 35. h3 Re6 36. e4 Be5 37. Kh1 Qd8
38. Ne3 Qg5 39. Ng4 Rd6 40. Rf1 1-0

[Event "Koop Tjuchem"]
[Site "Groningen"]
[Date "1996.??.??"]
[Round "4"]
[White "Svidler, Peter"]
[Black "Kortschnoj, Viktor Lvovich"]
[Result "1-0"]
[WhiteElo "2650"]
[BlackElo "2635"]
[Annotator "Donev,I"]
[PlyCount "77"]
[EventDate "1996.12.20"]
[EventType "tourn"]
[EventRounds "11"]
[EventCountry "NED"]
[EventCategory "16"]
[SourceTitle "CBM 057"]
[Source "ChessBase"]
[SourceDate "1997.04.01"]
[SourceVersion "1"]
[SourceVersionDate "1997.04.01"]
[SourceQuality "1"]

1. e4 {Meulders} e6 2. d4 d5 3. Nd2 c5 4. exd5 exd5 5. Ngf3 c4 {Das ist eine
Lieblingsvariante von Kortschnoj.} 6. b3 cxb3 7. axb3 Bb4 8. Ne5 $5 {Eine neue
und sehr interessante Fortsetzung.} (8. Bb5+ Bd7 9. Bxd7+ Nxd7 (9... Qxd7 10.
Ne5 $36) 10. O-O Ne7 11. Ba3 Bxa3 12. Rxa3 O-O 13. c4 a6 14. Qb1 Nc6 15. cxd5
Nb4 16. d6 Nf6 17. Ne4 Ne8 18. Nfg5 g6 19. Qc1 Nxd6 20. Qc5 Nxe4 21. Nxe4 a5
22. Rd1 Rc8 23. Qxa5 Qxd4 24. Nf6+ Kg7 25. Raa1 Nd3 26. Qg5 Qxf2+ $19 {Van der
Wiel,J-Kortschnoj,V/Amsterdam OHRA 1988}) (8. Ba3 Qe7+ 9. Qe2 Bxa3 10. Rxa3 Be6
$13) 8... Nf6 9. Bd3 O-O 10. O-O Bc3 11. Ra4 Bd7 12. Nxd7 Nbxd7 13. Nb1 {
Der lästige Läufer muß vertrieben werden.} Ba5 14. Bd2 Bc7 {Meulders: Es
gereicht Kortschnoj zur Ehre, daß er den Kampf fortsetzen will.} (14... Bxd2 {
Meulders} 15. Nxd2 Qc7 16. Nf3) 15. Nc3 Re8 16. Qf3 $14 {Die weißen Figuren
stehen harmonischer als die schwarzen, das reicht aus für leichten Vorteil.} h6
17. Raa1 (17. Nxd5 $5 Nxd5 18. Qxd5 Nb6 19. Qxd8 Rexd8 20. Rb4 a5 21. Rb5 $16 (
21. Rb5 {Meulders} Rxd4 22. Bxa5 $16)) 17... Nb6 18. Rae1 Qd6 19. g3 a6 20. Re3
Qc6 21. Rfe1 Bd6 22. Nd1 Rxe3 23. Nxe3 Re8 24. c4 Ne4 {Meulders: Zu ungestüm} (
24... dxc4 25. Qxc6 bxc6 26. bxc4 $16) (24... Bf8 {Meulders}) 25. Bxe4 dxe4 $6
(25... Rxe4 $142 26. Nxd5 (26. cxd5 Qe8 $14) 26... Rxe1+ 27. Bxe1 Nxd5 28. Qxd5
Qxd5 29. cxd5 $14) 26. Qg4 $1 $16 Bf8 27. Nf5 {[%cal Re1e4,Rf5h6,Rd2h6] Nach
diesem Zug gewinnt Weiß zumindest einen Bauern. Der Springer auf f5 steht sehr
aggressiv, räumt die e- Linie für den Re1 und die Diagonale c1-h6 für den Bd2.
Weiß hat starken Angriff am Königsflügel.} Kh7 28. d5 Qg6 29. Rxe4 {Der Rest
ist Sache der Technik. GM Svidler realisiert den weißen Vorteil musterhaft.}
Qxg4 30. Rxg4 Re2 31. Rd4 Bc5 32. Kf1 $1 {Dieser wichtige Zwischenzug
eliminiert das schwarze Gegenspiel.} Re5 33. Rf4 g5 34. Rf3 Kg6 35. g4 h5 36.
gxh5+ $18 Kxh5 37. Bc3 {Gewinnt auch noch die Qualität.} Kg4 {Meulders: Falls
der Turm zieht, folgt Ng7+ oder Ng3+.} 38. Kg2 Re2 (38... Nd7 39. Bxe5 Nxe5 40.
Ne3+ $1 $18) 39. h3+ 1-0

[Event "Rubinstein Memorial 34th"]
[Site "Polanica Zdroj"]
[Date "1997.08.19"]
[Round "1"]
[White "Rublevsky, Sergei"]
[Black "Bareev, Evgeny"]
[Result "1/2-1/2"]
[WhiteElo "2650"]
[BlackElo "2670"]
[Annotator "Donev,I"]
[PlyCount "74"]
[EventDate "1997.08.19"]
[EventType "tourn"]
[EventRounds "11"]
[EventCountry "POL"]
[EventCategory "16"]
[SourceTitle "CBM 061"]
[Source "ChessBase"]
[SourceDate "1997.11.23"]
[SourceVersion "1"]
[SourceVersionDate "1997.11.23"]
[SourceQuality "1"]

1. e4 e6 2. d4 d5 3. Nd2 c5 4. exd5 exd5 5. Bb5+ Bd7 {Die natürlichste Antwort,
die zu größerem Schlagwechsel und einem für Schwarz etwas ungünstigeren
Endspiel führen kann. Auf 5...Nc6 kann Weiß mit 6.Ngf3 in die Hauptvariante
einlenken, ihm stehet aber auch 6.Qe2+ zur Verfügung.} 6. Qe2+ Be7 7. dxc5 Nf6
8. Nb3 O-O 9. Nf3 Re8 10. Be3 a6 11. Bd3 Ba4 12. Nfd4 Nbd7 13. O-O-O (13. O-O
Nxc5 14. Nxc5 Bxc5 15. c3 Bxd4 16. cxd4 Qd7 17. f3 Bb5 $11) 13... Bxb3 14. Nxb3
a5 15. a4 Nxc5 16. Bb5 (16. Nxc5 Bxc5 17. Qf3 Bxe3+ 18. fxe3 Qe7 19. Rhe1 Ne4
$11) 16... Nxb3+ 17. cxb3 Qc7+ 18. Kb1 Red8 19. Bd4 $1 {[%cal Yd4f6,Yd4a7]} Ne4
20. f3 Nc5 21. Be5 Bd6 (21... Qb6 22. Bxg7 Qe6 (22... Kxg7 23. Qxe7 $16) 23.
Qxe6 fxe6 24. Bc3 Nxb3 25. f4 $16 {Weiß besitzt den Läuferpaarvorteil und die
bessere Bauernstruktur.}) 22. Rxd5 Bxe5 23. Qxe5 Qxe5 24. Rxe5 Nxb3 $14 {
Weiß kann zufrieden sein mit dem Abtausch seines Doppelbauer b3 für den
schwarzen Freibauer d5.} 25. Ka2 Nd4 26. Rc1 Rab8 (26... Rac8 27. Rxc8 Rxc8 28.
Re7 $14) 27. Rc7 Ne6 28. Rd7 Rdc8 29. Rf5 f6 30. Rd6 Nc5 31. g4 {Hier verpaßte
der Anziehende seinen Vorteil zu vergrößern:} (31. Rb6 $1 {/\ 32.Bc6} Rc7 (
31... Ra8 32. g4 Kf7 33. Bc6 Rxc6 34. Rxc6 bxc6 35. Rxc5 $14) 32. Ka3 $1 $16 (
32. Bc6 Nd3 33. Be4 $14)) 31... b6 32. h4 Kf7 33. g5 Rd8 34. Rc6 Rdc8 35. gxf6
Rxc6 36. Bxc6 gxf6 37. Rh5 Rh8 1/2-1/2

[Event "Tilburg Fontys"]
[Site "Tilburg"]
[Date "1997.10.04"]
[Round "7"]
[White "Onischuk, Alexander"]
[Black "Kramnik, Vladimir"]
[Result "1/2-1/2"]
[WhiteElo "2625"]
[BlackElo "2770"]
[Annotator "Donev,I"]
[PlyCount "81"]
[EventDate "1997.09.27"]
[EventType "tourn"]
[EventRounds "11"]
[EventCountry "NED"]
[EventCategory "17"]
[SourceTitle "CBM 061"]
[Source "ChessBase"]
[SourceDate "1997.11.23"]
[SourceVersion "1"]
[SourceVersionDate "1997.11.23"]
[SourceQuality "1"]

1. e4 e6 2. d4 d5 3. Nd2 c5 4. exd5 exd5 5. Ngf3 Nf6 6. Be2 Nc6 7. O-O Be7 8.
dxc5 Bxc5 9. Nb3 Bb6 10. Bg5 O-O 11. c3 Re8 12. Bh4 h6 13. Re1 g5 14. Bg3 Ne4
$1 15. Nfd4 f5 $5 {[%cal Yf5f4] Es droht einerseits den Bg3 mittels f5-f4 zu
fangen und gleichzeitig wird der starken Ne4 unterstützt, andererseits
schwächt er dauerhaft den eigenen König.} 16. Bh5 $1 Rf8 17. h3 Nxg3 (17... f4
18. Bh2 a5 (18... Nxd4 19. Nxd4 Qf6 {[%cal Yb6f2,Yf6d4]} 20. Qb3 $1 Qe5 21.
Rad1 $16) 19. a4 Qf6 $14) 18. fxg3 Qd6 19. Qd3 Ne5 20. Qe3 Nc4 21. Qe7 (21. Qf2
Bd7 22. Re2 f4 $36) 21... Qxe7 22. Rxe7 Nd6 (22... Nxb2 23. Bf3 $1 (23. Rae1
Na4 $15) 23... Rd8 24. Re5 $1 (24. Rae1 g4 (24... Kf8 25. Rh7) 25. Re8+ Rxe8
26. Rxe8+ Kf7 27. Re2 gxf3 28. Rxb2 Bd7 $17) 24... Nd3 25. Rxd5 (25. Bxd5+ Kh8
26. Re3 Rxd5 27. Rxd3 $15) 25... Be6 26. Rxd8+ Rxd8 27. Rd1 $11 (27. Bxb7 $2
Bxb3 28. axb3 Rxd4 $1 $19)) 23. g4 fxg4 24. hxg4 (24. Bxg4 Bxg4 25. hxg4 Rae8
26. Rae1 $11) 24... Ne4 25. Rf1 Nf6 26. a4 (26. Kh1 $1 Bd8 27. Re5 Nxh5 (27...
Nxg4 28. Rxf8+ Kxf8 29. Re8+ Kg7 30. Rxd8 $18) (27... Bxg4 28. Bxg4 Nxg4 29.
Rxf8+ Kxf8 30. Rxd5 $11) (27... Bd7 28. Nf5 Nxh5 29. gxh5 $11 {/\g4}) 28. Rxf8+
Kxf8 29. gxh5 $11) 26... a5 (26... Bxg4 27. Rxf6 $1 Bxh5 28. Rxh6 $16) (26...
Nxg4 $2 27. Rxf8+ Kxf8 28. Re8+ Kg7 29. Bxg4 $19) 27. Rf3 Ra6 28. Kh1 Bd8 29.
Re1 Nxh5 30. gxh5 Rxf3 31. gxf3 Kf7 32. Nc5 Rb6 33. Nd3 Bf6 34. Ne5+ Kg7 (34...
Bxe5 35. Rxe5 Rxb2 36. Rxd5 $15) 35. b3 Rd6 36. Kg2 Rd8 37. Ng4 Bxd4 38. cxd4
Bxg4 39. fxg4 Kf6 40. Re5 Kf7 41. Kf3 1/2-1/2

[Event "Sandefjord Chess Fest"]
[Site "Sandefjord"]
[Date "1976.04.12"]
[Round "2"]
[White "Rantanen, Yrjo A"]
[Black "Farago, Ivan"]
[Result "1/2-1/2"]
[WhiteElo "2410"]
[BlackElo "2420"]
[Annotator "Farago,I"]
[PlyCount "73"]
[EventDate "1976.04.11"]
[EventType "swiss"]
[EventRounds "9"]
[EventCountry "NOR"]
[SourceTitle "EXT 2020"]
[Source "ChessBase"]
[SourceDate "2019.10.17"]
[SourceVersion "1"]
[SourceVersionDate "2019.10.17"]
[SourceQuality "1"]

1. e4 e6 2. d4 d5 3. Nd2 c5 4. exd5 exd5 5. Bb5+ Nc6 6. Qe2+ Be7 7. dxc5 Nf6 8.
Nb3 O-O 9. Be3 a6 10. Ba4 Ng4 11. O-O-O Re8 12. Nf3 Bf6 13. Rhe1 Nxe3 14. Rd3
$5 Bxb2+ $1 15. Kb1 Bf6 16. Rxe3 Rxe3 17. Qxe3 Be6 18. Bxc6 bxc6 19. Nfd4 Bd7
20. c3 (20. Qf4 Qb8 21. Qxb8+ Rxb8 22. Kc1 Rb4 $15) 20... a5 21. a4 Qb8 22. Qg3
Bxd4 23. cxd4 Qb4 24. Re7 Bf5+ 25. Kb2 h6 26. Qe3 Qxa4 $6 (26... Be6 27. Rxe6
fxe6 28. Qxe6+ Kh8 29. Qxc6 Rb8 30. Qxd5 Qd2+ 31. Ka3 Qc3 32. c6 Rb4 $19) 27.
Re8+ Rxe8 28. Qxe8+ Kh7 29. Qe2 Bb1 30. Qd2 Qa2+ 31. Kc3 Qa3 32. Qc1 Qb4+ 33.
Kb2 a4 (33... Be4 $142 34. Qc3 Qb7 35. Qxa5 Bxg2 36. Qb6 Qc8 37. Na5 Qg4 $17)
34. Qxb1+ g6 35. Qd3 axb3 36. Qe3 Qc4 37. Qf4 1/2-1/2